| 000 -LEADER |
| fixed length control field |
02192cam a22003378i 4500 |
| 001 - CONTROL NUMBER |
| control field |
.b2363151x |
| 003 - CONTROL NUMBER IDENTIFIER |
| control field |
OSt |
| 005 - DATE AND TIME OF LATEST TRANSACTION |
| control field |
20231107100059.0 |
| 008 - FIXED-LENGTH DATA ELEMENTS--GENERAL INFORMATION |
| fixed length control field |
180807s2019 nyu 6 000 1 eng |
| 010 ## - LIBRARY OF CONGRESS CONTROL NUMBER |
| LC control number |
2018037724 |
| 020 ## - INTERNATIONAL STANDARD BOOK NUMBER |
| International Standard Book Number |
9780385539241 |
| Qualifying information |
(hardback) |
| 040 ## - CATALOGING SOURCE |
| Original cataloging agency |
DLC |
| Language of cataloging |
eng |
| Transcribing agency |
DLC |
| Description conventions |
rda |
| Modifying agency |
KH8 |
| 042 ## - AUTHENTICATION CODE |
| Authentication code |
nbic |
| 082 ## - DEWEY DECIMAL CLASSIFICATION NUMBER |
| Classification number |
813.54 ATW |
| 100 1# - MAIN ENTRY--PERSONAL NAME |
| Personal name |
Atwood, Margaret, |
| Dates associated with a name |
1939- |
| Relator term |
author. |
| 245 14 - TITLE STATEMENT |
| Title |
The handmaid's tale: |
| Remainder of title |
The Graphic Novel / |
| Statement of responsibility, etc. |
Margaret Atwood ; art & adaptation, Renee Nault. |
| 250 ## - EDITION STATEMENT |
| Edition statement |
First edition. |
| 260 ## - PUBLICATION, DISTRIBUTION, ETC. |
| Place of publication, distribution, etc. |
New York : |
| Name of publisher, distributor, etc. |
Nan A. Talese, |
| Date of publication, distribution, etc. |
[2019] |
| 300 ## - PHYSICAL DESCRIPTION |
| Extent |
1 v. (unpaged) : |
| Other physical details |
illustrations ; |
| Dimensions |
25 cm. |
| 520 ## - SUMMARY, ETC. |
| Summary, etc. |
"Margaret Atwood's best-loved novel has taken the world by storm again. Riding high on bestseller lists for months and the basis for Hulu's Emmy and Golden Globe Award-winning smash hit series, The Handmaid's Tale is everywhere--and it's primed for a stunning new graphic novel adaptation. The story is iconic: In the Republic of Gilead, a Handmaid named Offred lives in the home of the Commander, to the purpose that she become pregnant with his child. Stripped of her most basic freedoms, (work, property, her own name), Offred remembers a different time, not so long ago, when she was valuable for more than her viable ovaries, when she was mother to a daughter she could keep, and when she and her husband lived and loved as equals. Darkly prescient, scathingly sarcastic, and eminently frightening, The Handmaid's Tale has only gained relevance since it was originally published, and remains one of the most powerful, widely read stories of our times. This illustrated edition is a must-have for Atwood's growing legions of fans"-- |
| Assigning source |
Provided by publisher. |
| 600 10 - SUBJECT ADDED ENTRY--PERSONAL NAME |
| Personal name |
Atwood, Margaret, |
| Dates associated with a name |
1939- |
| Title of a work |
Handmaid's tale |
| Form subdivision |
Adaptations. |
| 650 #0 - SUBJECT ADDED ENTRY--TOPICAL TERM |
| Topical term or geographic name entry element |
Misogyny |
| Form subdivision |
Comic books, strips, etc. |
| 650 #0 - SUBJECT ADDED ENTRY--TOPICAL TERM |
| Topical term or geographic name entry element |
Women |
| Form subdivision |
Comic books, strips, etc. |
| 650 #7 - SUBJECT ADDED ENTRY--TOPICAL TERM |
| Topical term or geographic name entry element |
COMICS & GRAPHIC NOVELS / Literary. |
| Source of heading or term |
bisacsh. |
| 650 #7 - SUBJECT ADDED ENTRY--TOPICAL TERM |
| Topical term or geographic name entry element |
COMICS & GRAPHIC NOVELS / Science Fiction. |
| Source of heading or term |
bisacsh. |
| 655 #0 - INDEX TERM--GENRE/FORM |
| Genre/form data or focus term |
Graphic novels. |
| 655 #7 - INDEX TERM--GENRE/FORM |
| Genre/form data or focus term |
Fantasy fiction. |
| Source of term |
gsafd. |
| 655 #7 - INDEX TERM--GENRE/FORM |
| Genre/form data or focus term |
Dystopias. |
| Source of term |
gsafd. |
| 700 1# - ADDED ENTRY--PERSONAL NAME |
| Personal name |
Nault, Renee, |
| Relator term |
artist, |
| -- |
adapter. |
| 942 ## - ADDED ENTRY ELEMENTS (KOHA) |
| Source of classification or shelving scheme |
|
| Koha item type |
Teaching Resources |